| 000 | 00000nam 2200000zi 4500 |
| 001 | 9.947470 |
| 003 | CaOODSP |
| 005 | 20250128153811 |
| 006 | m o d f |
| 007 | cr mn||||||||| |
| 008 | 250128e199201 onc o f000 0 eng d |
| 020 | |z0662198859 |
| 040 | |aCaOODSP|beng|erda|cCaOODSP |
| 043 | |an-cn--- |
| 086 | 1 |aZ1-1989/1-41-12E-PDF|zZ1-1989/1-41-12E |
| 245 | 00|aAnalysis of national highway system proposals : |bfinal report / |cprepared by: ADI Limited. |
| 264 | 1|a[Ottawa] : |b[Royal Commission on National Passenger Transportation], |cJanuary 1992. |
| 264 | 4|c©1992 |
| 300 | |a1 online resource (1 volume (various pagings)) |
| 336 | |atext|btxt|2rdacontent |
| 337 | |acomputer|bc|2rdamedia |
| 338 | |aonline resource|bcr|2rdacarrier |
| 500 | |aIssued also in French under title: Analyse des propositions sur le réseau routier national : rapport final. |
| 500 | |a"Report Prepared for the Research Division, Royal Commission on National Passenger Transportation." |
| 500 | |a"RR-12." |
| 500 | |a"Project No. 3207-1." |
| 500 | |aDigitized edition from print [produced by Government of Canada Publications Directorate]. |
| 650 | 0|aRoads|zCanada|xDesign and construction. |
| 650 | 0|aRoads|zCanada|xMaintenance and repair. |
| 650 | 0|aHighway planning|zCanada. |
| 710 | 1 |aCanada. |bRoyal Commission on National Passenger Transportation. |bResearch Division, |eissuing body. |
| 710 | 2 |aADI Limited, |econsultant. |
| 775 | 08|tAnalyse des propositions sur le réseau routier national : |w(CaOODSP)9.947473 |
| 856 | 40|qPDF|s2.98 MB|uhttps://publications.gc.ca/collections/collection_2025/bcp-pco/Z1-1989-1-41-12-eng.pdf |